<?xml version="1.0" encoding="UTF-8"?>
<record
    xmlns:xsi="http://www.w3.org/2001/XMLSchema-instance"
    xsi:schemaLocation="http://www.loc.gov/MARC21/slim http://www.loc.gov/standards/marcxml/schema/MARC21slim.xsd"
    xmlns="http://www.loc.gov/MARC21/slim">

  <leader>03150cam a22003615i 4500</leader>
  <datafield tag="999" ind1=" " ind2=" ">
    <subfield code="c">27146</subfield>
    <subfield code="d">27118</subfield>
  </datafield>
  <controlfield tag="001">015874677</controlfield>
  <controlfield tag="003">Uk</controlfield>
  <controlfield tag="005">20190213152345.0</controlfield>
  <controlfield tag="008">110926s2012    enka   frb    001 0 eng d</controlfield>
  <datafield tag="015" ind1=" " ind2=" ">
    <subfield code="a">GBB199591</subfield>
    <subfield code="2">bnb</subfield>
  </datafield>
  <datafield tag="016" ind1="7" ind2=" ">
    <subfield code="a">015874677</subfield>
    <subfield code="2">Uk</subfield>
  </datafield>
  <datafield tag="020" ind1=" " ind2=" ">
    <subfield code="a">9781107651692 (pbk.) </subfield>
  </datafield>
  <datafield tag="020" ind1=" " ind2=" ">
    <subfield code="a">1107651697 (pbk.) </subfield>
  </datafield>
  <datafield tag="040" ind1=" " ind2=" ">
    <subfield code="a">StDuBDS</subfield>
    <subfield code="b">eng</subfield>
    <subfield code="c">StDuBDS</subfield>
    <subfield code="d">Uk</subfield>
    <subfield code="d">EG-ScBUE </subfield>
  </datafield>
  <datafield tag="082" ind1="0" ind2="4">
    <subfield code="a">172.4</subfield>
    <subfield code="2">22</subfield>
    <subfield code="b">CRE</subfield>
  </datafield>
  <datafield tag="245" ind1="0" ind2="4">
    <subfield code="a">The credibility of transnational NGOs :</subfield>
    <subfield code="b">when virtue is not enough /</subfield>
    <subfield code="c">[edited by] Peter A. Gourevitch, David A. Lake, Janice Gross Stein.</subfield>
  </datafield>
  <datafield tag="246" ind1="3" ind2=" ">
    <subfield code="a">Credibility of transnational non-governmental organizations</subfield>
  </datafield>
  <datafield tag="264" ind1=" " ind2="1">
    <subfield code="a">New York :</subfield>
    <subfield code="b">Cambridge University Press,</subfield>
    <subfield code="c">c.2012.</subfield>
  </datafield>
  <datafield tag="300" ind1=" " ind2=" ">
    <subfield code="a">x, 234p. :</subfield>
    <subfield code="b">illustrations ;</subfield>
    <subfield code="c">24 cm.</subfield>
  </datafield>
  <datafield tag="336" ind1=" " ind2=" ">
    <subfield code="a">text</subfield>
    <subfield code="2">rdacontent</subfield>
  </datafield>
  <datafield tag="337" ind1=" " ind2=" ">
    <subfield code="a">unmediated</subfield>
    <subfield code="2">rdamedia</subfield>
  </datafield>
  <datafield tag="338" ind1=" " ind2=" ">
    <subfield code="a">volume</subfield>
    <subfield code="2">rdacarrier</subfield>
  </datafield>
  <datafield tag="500" ind1=" " ind2=" ">
    <subfield code="a">Includes index.</subfield>
  </datafield>
  <datafield tag="504" ind1=" " ind2=" ">
    <subfield code="a">Bibliography  : p.208-221.</subfield>
  </datafield>
  <datafield tag="505" ind1="8" ind2=" ">
    <subfield code="a">Introduction; 1. Beyond virtue: evaluating and enhancing the credibility of non-governmental organizations Peter A. Gourevitch and David A. Lake; Part I. Monitoring NGOs: 2. Why believe international election monitors? Susan D. Hyde; 3. Credible certification of child labor free production Irfan Nooruddin and Sarah Wilson Sokhey; 4. Becoming a household name: how human rights NGOs establish credibility through organizational structure Wendy H. Wong; Part II. Humanitarian NGOs: 5. Dilemmas of information and accountability: foreign aid donors and local development NGOs Carew Boulding; 6. In defense of virtue: credibility, legitimacy dilemmas, and the case of Islamic relief Laura Thaut, Michael Barnett and Janice Gross Stein; 7. Monitoring repayment in online peer-to-peer lending Craig McIntosh; Conclusion; 8. Credibility and compromises Peter A. Gourevitch and David A. Lake.</subfield>
  </datafield>
  <datafield tag="520" ind1=" " ind2=" ">
    <subfield code="a">"We rely on NGOs to monitor the ethical practices of governments and for-profit firms and to undertake many humanitarian tasks that public and private actors will not do. While we are critical of public and private sector failures, we do not reflect enough on the credibility of the NGOs which take their place. Can we be sure that products NGOs label as child-labor free are in fact so, that the coffee labeled as 'fair trade' is farmed in sustainable ways, or that the working conditions monitored by NGOs are safe and that the wages are reasonable? Can we know that humanitarian organizations are, in fact, using our donations to alleviate human suffering rather than pursuing other goals? This book explores the problems of establishing the credibility of NGO activities as they monitor working conditions, human rights and elections and provide finance through microcredit institutions, development aid and emergency assistance"--</subfield>
    <subfield code="c">Provided by publisher.</subfield>
  </datafield>
  <datafield tag="650" ind1=" " ind2="7">
    <subfield code="a">Non-governmental organizations</subfield>
    <subfield code="x">Moral and ethical aspects</subfield>
    <subfield code="2">BUEsh</subfield>
    <subfield code="9">42008</subfield>
  </datafield>
  <datafield tag="700" ind1="1" ind2=" ">
    <subfield code="a">Gourevitch, Peter Alexis</subfield>
    <subfield code="e">editor.</subfield>
  </datafield>
  <datafield tag="700" ind1="1" ind2=" ">
    <subfield code="a">Lake, David A.,</subfield>
    <subfield code="d">1956-</subfield>
    <subfield code="e">editor.</subfield>
  </datafield>
  <datafield tag="700" ind1="1" ind2=" ">
    <subfield code="a">Stein, Janice Gross.</subfield>
    <subfield code="e">editor.</subfield>
  </datafield>
  <datafield tag="856" ind1="4" ind2="2">
    <subfield code="3">Cover image</subfield>
    <subfield code="u">http://assets.cambridge.org/97811070/18044/cover/9781107018044.jpg</subfield>
  </datafield>
  <datafield tag="942" ind1=" " ind2=" ">
    <subfield code="2">ddc</subfield>
    <subfield code="c">BB</subfield>
  </datafield>
  <datafield tag="952" ind1=" " ind2=" ">
    <subfield code="0">0</subfield>
    <subfield code="1">0</subfield>
    <subfield code="2">ddc</subfield>
    <subfield code="4">0</subfield>
    <subfield code="7">0</subfield>
    <subfield code="8">MERIC</subfield>
    <subfield code="a">MAIN</subfield>
    <subfield code="b">MAIN</subfield>
    <subfield code="c">LOW</subfield>
    <subfield code="d">2019-02-13</subfield>
    <subfield code="e">Purchase</subfield>
    <subfield code="g">196.15</subfield>
    <subfield code="h">000292</subfield>
    <subfield code="l">0</subfield>
    <subfield code="o">172.4 CRE</subfield>
    <subfield code="p">000044185</subfield>
    <subfield code="r">2025-07-15 00:00:00</subfield>
    <subfield code="w">2019-02-13</subfield>
    <subfield code="y">BB</subfield>
  </datafield>
</record>
